000 00788nam a2200229Ia 4500
001 8506
003 GE_BSU
008 181216s||||||||xx |||||||||||||| ||und||
040 _cGE_BSU
080 _a821.353.1-1
100 _aვარშანიძე,მამია.
245 _aმებრძოლის სიმღერები.
245 _bლექსები.
245 _cრედ:ზ.ფირცხალაიშვილი;მხატვ:რედ;ჯ.მიქელაძე.
260 _aბათუმი.
260 _bსაბჭ.აჭარა.
260 _c1981.
300 _a75გვ;1ფ.პორტრ.16სმ.
653 _aლექსები.
653 _aმებრძოლის სიმღერები.
942 _cBK
999 _c41823
_d41823